Регионална библиотека "Любен Каравелов" - Русе

Суеверие и медицина (Запис номер 144626)

MARC детайли
000 -Лидер
Контролно поле с фиксирана дължина 01659nam a2200385 c 4500
003 - Код на организацията, давaща контролен номер
Контролно поле BLK
005 - Дата и час на последна редакция
Контролно поле 20221101150909.0
008 - Елементи от данни с фиксирана дължина
fixed length control field 180410b bul|||||r ||||||| ||bul||
010 ## - Наследен системен номер
LC control number KNG00150786000
040 ## - Източник на каталожния запис
Идентификатор на билиотеката - собственик на записа BLK
041 ## - Код за език
Код за езика на текст/звукозапис или на отделно заглавие Български
Код за езика КДБФ Български
080 ## - УДК
Текстов определител УДК Скептицизъм. Рационализъм. Свободна религия
УДК код - определител по УДК 211.5
УДК определител (02.062)
УДК - код + определител 211.5(02.062)
080 ## - УДК
Текстов определител УДК Медицина
УДК код - определител по УДК 61
УДК определител (02.062)
УДК - код + определител 61(02.062)
100 1# - Редна дума - Автор
Автор Боров, Иван Бончев
Авторска отговорност първи автор
R(LIN) 328394
139 ## - Редно поле
Редна дума Боров, Иван Бончев
Авторски знак Боро - Б 67
245 10 - Сведения за заглавието
Заглавие Суеверие и медицина
Подзаглавни данни Науч.-попул. очерк
Редно поле (дума) Иван Бончев Боров; предг. от Иван Богданов.
257 ## - Страна на издаване
Страна на създаване/издаване България
260 ## - Област на издателските данни
Място на издаване, разпространение и проч. София
Име на издателя, разпространителя и проч. Медицина и физкултура
Година на издаване 1977
Печатница Пловдив : Д. Благоев
300 ## - Физическа характеристика
Страници 184 с.
Размери/Мащаб 20 см
380 ## - Жанр
Жанр Религия. Теология
490 ## - СЕРИИ (Колекции)
Име на серия Медико-биологични знания за младежта
9 (RLIN) 202387
500 ## - Общи забележки
Забележка 15 100 тир.- Библиогр. с. 181-182.
650 #4 - Допълнително описание по предмет – тема
Основно описание – тема или топоним Религиозни предразсъдъци и суеверия
9 (RLIN) 264887
650 #4 - Допълнително описание по предмет – тема
Основно описание – тема или топоним Медицина
9 (RLIN) 161604
653 ## - Ключова дума – ненормативна
Ключова дума религия
653 ## - Ключова дума – ненормативна
Ключова дума предразсъдъци
653 ## - Ключова дума – ненормативна
Ключова дума суеверия
653 ## - Ключова дума – ненормативна
Ключова дума медицина
700 1# - Други автори (авторска отговорност)
Лично име Богданов, Иван
Автороска отговорност (Описва отношението между автора и произведението) предг. от
Друга информация Генчев, Иван Богданов
9 (RLIN) 365495
852 ## - Местоположение
Форматна сигнатура Цб 86863
856 4# - Електронен адрес и достъп
Електронен формат pdf - файл
Инструкция (цена за достъп) 0.00
Права за достъп disable
856 4# - Електронен адрес и достъп
Електронен формат pdf - файл
Инструкция (цена за достъп) 0.00
Права за достъп disable
999 ## - СИСТЕМНИ КОНТРОЛНИ НОМЕРА
Koha biblionumber 144626
Koha biblioitemnumber 144626
942 ## - АРТИКУЛИ
Вид на библиотечния материал Книги
Скрит в OPAC Не
Периодичен библиозапис Да
944 ## - СЪЗДАВАНЕ И РЕДАКЦИЯ на ЗАПИСА
Създаване/Редакция Създаване
Дата на регистрацията/редакция 25.09.2013
Статус, дата на статуса 25.09.2013 - от С1,Р / 25.09.2013
Служител, извършил регистрацията/редакцията Радостина_Карадакова
944 ## - СЪЗДАВАНЕ И РЕДАКЦИЯ на ЗАПИСА
Създаване/Редакция Редакция
Дата на регистрацията/редакция 25.09.2013
Статус, дата на статуса 25.09.2013 - от С1,Р / 25.09.2013
944 ## - СЪЗДАВАНЕ И РЕДАКЦИЯ на ЗАПИСА
Създаване/Редакция Редакция
Дата на регистрацията/редакция 2022-11-01
Служител, извършил регистрацията/редакцията Христина Везирева
999 ## - СИСТЕМНИ КОНТРОЛНИ НОМЕРА
Koha biblioitemnumber 144626
Наличности
Код за отписване Код за изгубен артикул Източник на класификационната схема Код за повреда Коз за рестрикции Код за отдаване Артикулен № Име на библиотеката - собственик Име на библиотеката, в която се намира в момента Статус (Текущо местоположение) Дата на вписване в системата Местоположение - отдел Цена в лева Инвентарен номер Систематично азбучна сигнатура Баркод Номер на екземпляра Цена в евро Служебна бележка Служебен тип на артикула
  Не е изгубен Universal Decimal Classification Не е повреден без рестрикции ползва се в читалня 240154 Регионална библиотека "Любен Каравелов" Русе Регионална библиотека "Любен Каравелов" Русе Хранилище 1977-01-01 Хранилище 0.44 230919 Цб 86863 120000230919 1 0.22 Дата: 01.01.1977 Книги
Изтеглен Не е изгубен Universal Decimal Classification Не е повреден без рестрикции заемане за дома 240155 Регионална библиотека "Любен Каравелов" Русе Регионална библиотека "Любен Каравелов" Русе Детски отдел 1977-01-01 Детски отдел 0.44 234332 ДН 2/Б 67 234332 2 0.22 Дата: 01.01.1977 Дата инв: 30.09.2015 Бележки инв: Д2015 Книги
Vip Innovations Ltd, Rousse, Bulgaria 2025